Engineering metrology (Record no. 615932)

000 -LEADER
fixed length control field 01085cam a2200349 4500
001 - CONTROL NUMBER
control field 1711190
005 - DATE AND TIME OF LATEST TRANSACTION
control field 20260126142730.0
008 - FIXED-LENGTH DATA ELEMENTS--GENERAL INFORMATION
fixed length control field 710224s1970 enkaf b 001 0 eng
010 ## - LIBRARY OF CONGRESS CONTROL NUMBER
LC control number 70538259
015 ## - NATIONAL BIBLIOGRAPHY NUMBER
National bibliography number B70-18157
020 ## - INTERNATIONAL STANDARD BOOK NUMBER
International Standard Book Number 0356033376
020 ## - INTERNATIONAL STANDARD BOOK NUMBER
International Standard Book Number 9780356033372
035 ## - SYSTEM CONTROL NUMBER
System control number 1711190
040 ## - CATALOGING SOURCE
Original cataloging agency DLC
Transcribing agency DLC
Modifying agency DLC
050 00 - LIBRARY OF CONGRESS CALL NUMBER
Classification number TJ1313
Item number .H8 1970
082 00 - DEWEY DECIMAL CLASSIFICATION NUMBER
Classification number 620.0044 HUM'E
100 1# - MAIN ENTRY--PERSONAL NAME
Personal name Hume, K. J.
Fuller form of name (Kenneth John)
9 (RLIN) 132908
245 10 - TITLE STATEMENT
Title Engineering metrology
Statement of responsibility, etc. [by] K. J. Hume.
250 ## - EDITION STATEMENT
Edition statement 3rd (metric ed.)
260 ## - PUBLICATION, DISTRIBUTION, ETC.
Place of publication, distribution, etc. London,
Name of publisher, distributor, etc. Macdonald & Co.,
Date of publication, distribution, etc. 1970.
300 ## - PHYSICAL DESCRIPTION
Extent xviii, 360 p., 64 plates.
Other physical details illus.
Dimensions 22 cm.
336 ## - CONTENT TYPE
Content type term text
Content type code txt
Source rdacontent
337 ## - MEDIA TYPE
Media type term unmediated
Media type code n
Source rdamedia
338 ## - CARRIER TYPE
Carrier type term volume
Carrier type code nc
Source rdacarrier
504 ## - BIBLIOGRAPHY, ETC. NOTE
Bibliography, etc. note Bibliography: p. 345-351.
650 #0 - SUBJECT ADDED ENTRY--TOPICAL TERM
Topical term or geographic name entry element Physical measurements.
650 #0 - SUBJECT ADDED ENTRY--TOPICAL TERM
Topical term or geographic name entry element Measuring instruments.
650 #0 - SUBJECT ADDED ENTRY--TOPICAL TERM
Topical term or geographic name entry element Machine-shop practice.
9 (RLIN) 36237
906 ## - LOCAL DATA ELEMENT F, LDF (RLIN)
a 7
b cbc
c orignew
d 4
e ncip
f 19
g y-gencatlg
942 ## - ADDED ENTRY ELEMENTS (KOHA)
Source of classification or shelving scheme
Koha item type Book
Holdings
Withdrawn status Lost status Source of classification or shelving scheme Damaged status Not for loan Permanent Location Current Location Shelving location Date acquired Total Checkouts Full call number Barcode Date last seen Price effective from Koha item type Public note
          College of Electrical & Mechanical Engineering (CEME) College of Electrical & Mechanical Engineering (CEME) General Stacks 01/26/2026   620.0044 HUM'E CEME-23251 01/26/2026 01/26/2026 Book 4.1
          College of Electrical & Mechanical Engineering (CEME) College of Electrical & Mechanical Engineering (CEME) General Stacks 01/26/2026   620.0044 HUM'E CEME-23256 01/26/2026 01/26/2026 Book 4.1
© 2023 Central Library, National University of Sciences and Technology. All Rights Reserved.